000
00283nam a22001337a 4500
008
171123b xxu||||| |||| 00| 0 eng d
020
_a
070602298
041
_a
eng
080
_a
51
100
_a
38
101
_a
MAT
245
_a
ADVANCED CALCULUS
_c
SPIEGEL,M.R
942
_2
udc
_c
BK
999
_c
38413
_d
38413